Košice - Bankov

Zobrazenie: Pohľad v bielom orámovaní na poschodovú budovu v rekreačnej oblasti Bankov. V pozadí je vidno hustý les. Vľavo je v popredí vysoký listnatý strom. V popredí vidno pred budovou rozložené stoly a stoličky. Vpravo v popredí je vysoký listnatý strom

Podrobná bibliografia
Médium: Pohľadnica
Jazyk:slovenčina
Fyzický popis:1 pohľadnica čiernobiela 10 x 14 cm
Vydavateľské údaje: [Bratislava?] Slovakotour 1948
Predmet:

MARC

LEADER 00000nkm a2200000 a 4500
001 vtls011874031
003 SK-MaSNL
005 20260512123643.0
007 kp bo
008 240221s1948 xo g kuslo
015 |a SNBG1948 
035 |a urn:nbn:sk:snk-km00dvjt 
035 |a urn:nbn:sk:snk-km3lsi9 
035 |a 42EF10BD-CF93-47B6-BBEA-5109F61E5DD2 
040 |a SNK  |b slo  |c SNK  |e AACR2 
041 0 |a slo 
043 |a e-xo--- 
044 |a xo  |c SK 
072 7 |a 913  |x Regionálna geografia  |2 konspekt 
080 |a 913(437.6)  |2 2011 
080 |a 711.455  |2 2011 
080 |a (084.121)  |2 2011 
245 0 0 |a Košice - Bankov  |h grafika 
260 |a [Bratislava?]  |b Slovakotour  |c 1948 
300 |a 1 pohľadnica  |b čiernobiela  |c 10 x 14 cm 
520 8 |a Zobrazenie: Pohľad v bielom orámovaní na poschodovú budovu v rekreačnej oblasti Bankov. V pozadí je vidno hustý les. Vľavo je v popredí vysoký listnatý strom. V popredí vidno pred budovou rozložené stoly a stoličky. Vpravo v popredí je vysoký listnatý strom 
650 0 7 |a rekreačné oblasti  |2 SNKPH  |9 69057 
651 7 |a Košice (Slovensko)  |2 SNKPHgeo  |9 18694 
655 7 |a miestne pohľadnice  |2 SNKPH  |9 70510 
852 |a Slovenská národná knižnica 
958 |a EUIPO 
958 |a GBN 
958 |a GC 
958 |a OND 
999 |c 775681  |d 777611 
952 |a SNK  |b SNK  |y PREZ  |7 0  |p 17A1283056  |o snkSP 57257  |0 0  |1 0  |4 0  |d 2019-06-26  |f 1  |l 0  |r 2026-02-24 00:48:34  |w 2026-02-24